Responses for Show #2599 - Thursday, December 14, 1995

Brad Plovan game 4.

Contestants

[<< previous game]

Burt Sueskind, an attorney and consultant from Hamilton Square, New Jersey

Lora McQueen, a customer service representative from Jackson, New Jersey

Brad Plovan, a lawyer from Baltimore, Maryland (whose 3-day cash winnings total $30,402)

[next game >>]

Jeopardy! Round responses

GOLF
CLUBS
BIRDIES
BOGIE
THE MASTERS
"T" TIME
    $100 1
caddie

Burt
    $100 26
Boston

Brad
    $100 18
cranes

Brad
    $100 3
Lauren Bacall

Lora
    $100 14
Leonardo da Vinci

Brad
    $100 2
tailor

Burt
    $200 6
Dinah Shore

Brad
    $200 27
the Optimists

Lora
    $200 19
the owl

Lora
    $200 4
(Burt: What is World War II?)
(Brad: What is the Korean War?)

World War I

BradLoraBurt
    $200 15
(Burt: What is San Marco?)

St. Peter's

LoraBurt
    $200 8
the Taj Mahal

Burt
    $300 7
dimples

Burt
    $300 28
Rotarian

Burt
    $300 20
the kookaburra

Lora
    $300 5
The African Queen

Brad
    $300 23
tapestries

Lora
    $300 9
tectonics

Brad
    $400 10
Lee Trevino

Lora
    $400 29
(Samuel) Johnson

Burt
    $500 21
a (California) condor

Lora
    $400 16
John Huston

Burt
    $400 24
mannerism

Brad
    $400 11
terminal

Brad
    $500 12
links

Brad
    $500 30
Kiwanis

Burt
    $500 22
the peregrine falcon

Brad
    $500 17
The Petrified Forest

Triple Stumper
    $500 25
Rembrandt

Burt
    $500 13
television

Lora

Scores at the first commercial break (after clue 15):

Brad Lora Burt
$1,600 $1,400 $300

Scores at the end of the Jeopardy! Round:

Brad Lora Burt
$2,700 $2,900 $2,400

Double Jeopardy! Round responses

VICE PRESIDENTS
ARCHAEOLOGY
RELIGIONS
JOURNALISTS
PUERTO RICO
BOOKS & AUTHORS
    $200 1
(Albert) Gore

Burt
    $200 4
alabaster

Brad
    $200 10
Judaism

Burt
    $200 12
ballooning

Burt
    $200 25
San Juan

Burt
    $200 15
(Charles) Darwin

Burt
    $400 2
Quayle

Burt
    $400 5
catacombs

Brad
    $400 19
the Quran

Burt
    $400 13
Boutros Boutros-Ghali

Brad
    $400 27
statehood

Lora
    $400 18
Chesapeake

Brad
    $600 3
(Nelson) Rockefeller

Brad
    $600 6
Mexico

Triple Stumper
    $600 21
the Buddha

Brad
    $600 14
Horace Greeley

Burt
    $600 28
(Lora: Uh, who is Chita Rivera?)

Rita Moreno

Lora
Triple Stumper
    $600 24
Louis L'Amour

Triple Stumper
    $800 9
(Hubert) Humphrey

Brad
    $800 7
the Sphinx

Brad
    $2,000 22
Lutheranism

Brad
    $800 16
(Isabel) Allende

Brad
    $800 29
Pablo Casals

Burt
    $800 20
(Martin) Cruz Smith

Brad
    $3,000 11
Andrew Jackson

Burt
    $1000 8
(Heinrich) Schliemann

Burt
    $1000 23
(Brad: What is the Greek Orthodox Church?)

the Eastern Orthodox

Brad
Triple Stumper
    $1000 17
John Reed

Burt
    $1000 30
Antonia Novello

Triple Stumper
    $1000 26
(Alex: We have less than a minute to go.)

(Bernard) Malamud

Brad

Scores at the end of the Double Jeopardy! Round:

Brad Lora Burt
$10,500 $2,700 $10,600

[wagering suggestions for these scores]

Final Jeopardy! Round responses

FAMOUS NAMES
(Alex: [To Lora] Paul W. Tibbets was the commander of the plane that dropped the first atomic bomb.)
...
[Hearty laughter as Burt's response is revealed]
LoraWhat is Enola Gay?
$300
BradWhat was Enola Gay
$10,500
BurtWhat is Mrs. Paul
$10,401
Enola Gay

Final scores:

Brad Lora Burt
$21,000 $3,000 $199
4-day champion: $51,402 2nd place: La-Z-Boy sofa & love seat & Robert H. Peterson Co. gas log & fireplace accessories + GameTek Jeopardy! 3rd place: Aiwa digital mini system + GameTek Jeopardy!

Game dynamics:

Coryat scores:

Brad Lora Burt
$9,300 $2,600 $8,600
22 R
(including 1 DD),
2 W
11 R
(including 1 DD),
1 W
21 R
(including 1 DD),
2 W

Combined Coryat: $20,500

[game clues] [game scores] [suggest correction]

Game tape date: Unknown
The J! Archive is created by fans, for fans. Scraping, republication, monetization, and malicious use prohibited; this site may use cookies and collect identifying information. See terms. The Jeopardy! game show and all elements thereof, including but not limited to copyright and trademark thereto, are the property of Jeopardy Productions, Inc. and are protected under law. This website is not affiliated with, sponsored by, or operated by Jeopardy Productions, Inc. Join the discussion at JBoard.tv.